Städte nach Sehenswürdigkeiten #1 - Statistiken

Allgemein
  • Dieses Quiz wurde 259 mal gespielt
  • Das Durchschnittsergebnis liegt bei 9 aus 10
Antwortstatistiken
Sehenswürdigkeit 1 Sehenswürdigkeit 2 Sehenswürdigkeit 3 Stadt % Korrekt
Brandenburger Tor Alexanderplatz Siegessäule Berlin
100%
Big Ben Buckingham Palace Tower Bridge London
100%
Eiffelturm Musée de Louvre Kathedrale Notre-Dame Paris
100%
Empire State Building Freiheitsstatue One World Trade Center New York
99%
St. Basilius Kathedrale Roter Platz Kreml Moskau
92%
Sagrada Familia Camp Nou Park Güell Barcelona
90%
Burj Khalifa Burj al Arab Aquaventure Wasserpark Dubai
90%
Alcatraz Golden Gate Bridge Lombard Street San Francisco
87%
Hohenzollernbrücke Dom Schokoladenmuseum Köln
80%
Galleria Vittorio Emanuele II Peck Via Monte Napoleone Mailand
55%
Keine übereinstimmenden Quizze gefunden
Verteilung der Resultate
Anzahl Personen mit jedem Resultat
Perzentil nach korrekt beantworteten Fragen
Ihre Resultats-Entwicklung
Sie haben dieses Quiz noch nicht gespielt